| 000 | 01446nam a2200349 a 4500 | ||
|---|---|---|---|
| 999 |
_c170179 _d170179 |
||
| 003 | BLK | ||
| 005 | 20250611172643.0 | ||
| 008 | 180411b bul|||||r ||||||| ||bul|| | ||
| 010 | _aKNG00178290000 | ||
| 020 | _a9789542711988 | ||
| 040 | _aBLK | ||
| 041 |
_aBUL _cBUL |
||
| 072 | 7 |
_2bullib _aН86 _xДетска отраслова литература Н |
|
| 080 |
_aИздания за деца и юноши. Книжки-картинки. Читанки. Вж и 372.4 _b087.5 _z087.5 |
||
| 139 |
_aРапунцел и разбойникът: Вълшебна коса _bР 37 |
||
| 245 | 1 | 0 |
_aРапунцел и разбойникът: Вълшебна коса _bЧети и реди пъзели с Рапунцел : Приказки с пъзели |
| 257 | _aUSA | ||
| 260 |
_bЕгмонт България _c2014 _fОтпеч. в Китай _aСофия |
||
| 300 |
_a8 с. _bс цв. ил. _c19Х23 см |
||
| 380 | _aDX | ||
| 490 |
_aDisney Принцеса _9202217 |
||
| 500 | _aКор. опис. - Ориг. загл.: Tangled puzzle book. - Кн. е отпеч. на ламиниран картон. | ||
| 653 | _aпъзели | ||
| 653 | _aкниги-игри | ||
| 852 | _aЦб 275441 | ||
| 856 | 4 | _qpdf | |
| 856 | 4 | _qpdf | |
| 942 |
_cKNG _n0 _s1 _013 |
||
| 944 |
_aCR _c16.07.2015 _k30551 _lБояна Костадинова |
||
| 944 |
_aED _c19.11.2015 _kГеновева_Генчева |
||
| 999 | _d170179 | ||